[Event "OSREDNJA SLOVENSKA LIGA 2024"]
[Site "Gostovanja"]
[Date "2024.10.24"]
[Round "7.1"]
[White "Raspor, Gregor"]
[Black "Srebrnic, Vojko"]
[Result "0-1"]
[WhiteElo "1978"]
[BlackElo "2074"]
[PlyCount "88"]
[EventDate "2024.09.12"]
[WhiteTeam "SK Trzin Buscotrade"]
[BlackTeam "SK Ljubljana"]

1. d4 f5 2. c4 Nf6 3. g3 g6 4. Bg2 Bg7 5. Nf3 O-O 6. O-O d6 7. Nc3 c6 8. d5
cxd5 9. cxd5 Na6 10. Be3 Nc5 11. Bd4 Bd7 12. b4 Nce4 13. Nxe4 Nxe4 14. Bxg7
Kxg7 15. Nd4 Nf6 16. Rc1 Qb6 17. Qd2 Rfc8 18. Qe3 Qd8 19. Ne6+ Bxe6 20. Qxe6
Qd7 21. Qe3 a6 22. Qd4 Rxc1 23. Rxc1 Rc8 24. Qb2 Rxc1+ 25. Qxc1 Qa4 26. Qc7 Qd7
27. Qc3 Kf7 28. e3 Qa4 29. Qd2 Qb5 30. Bf3 Qc4 31. Kg2 g5 32. h3 h5 33. Kh2 h4
34. gxh4 Qxh4 35. Kg2 g4 36. hxg4 fxg4 37. Bd1 Qh3+ 38. Kg1 Qh5 39. Bb3 Qf5 40.
Qd4 Ne4 41. Qb2 Ng5 42. Qc2 Nf3+ 43. Kf1 Qh5 44. Ke2 g3 0-1

[Event "OSREDNJA SLOVENSKA LIGA 2024"]
[Site "Gostovanja"]
[Date "2024.10.24"]
[Round "7.1"]
[White "Markus, David"]
[Black "Krumpak, Hinko"]
[Result "0-1"]
[WhiteElo "1771"]
[BlackElo "2002"]
[PlyCount "120"]
[EventDate "2024.09.12"]
[WhiteTeam "SK Ljubljana"]
[BlackTeam "SK Trzin Buscotrade"]

1. d4 d6 2. e4 g6 3. Nc3 Bg7 4. Nf3 a6 5. a4 b6 6. Be3 Bb7 7. Qd2 Nd7 8. Bd3 c5
9. O-O cxd4 10. Nxd4 Ngf6 11. Bh6 O-O 12. Bxg7 Kxg7 13. f4 Nc5 14. Rae1 e5 15.
Nf3 exf4 16. Qxf4 d5 17. exd5 Nxd3 18. cxd3 Nxd5 19. Nxd5 Qxd5 20. Qe5+ Qxe5
21. Nxe5 Rad8 22. Rc1 Rd5 23. Rxf7+ Rxf7 24. Nxf7 Rd4 25. Nd8 Bd5 26. Nc6 Rxa4
27. Ne5 Rb4 28. Rc2 Kf6 29. Nf3 Rb3 30. Rd2 Bxf3 31. gxf3 Ke6 32. d4 Kd5 33.
Kf2 a5 34. Kg3 Rb4 35. Kf4 h6 36. Ke3 Rb3+ 37. Ke2 a4 38. h4 h5 39. Kd1 Rxf3
40. Rg2 Rf6 41. Kc2 Kxd4 42. Rg5 Kc4 43. Rg3 b5 44. Rc3+ Kb4 45. Rg3 Rf2+ 46.
Kb1 Rh2 47. Rxg6 Rxh4 48. Ka2 Rg4 49. Rh6 h4 50. Rh5 Kc4 51. Kb1 b4 52. Ka2 Kd3
53. Ra5 h3 54. Rh5 Rg3 55. Rh4 b3+ 56. Ka3 Ke2 57. Rxa4 Kf2 58. Rd4 h2 59. Rd2+
Kg1 60. Rd1+ Kg2 0-1

[Event "OSREDNJA SLOVENSKA LIGA 2024"]
[Site "Gostovanja"]
[Date "2024.10.24"]
[Round "7.1"]
[White "Borisek, Anze"]
[Black "Samotorcan, Gal"]
[Result "1-0"]
[WhiteElo "1933"]
[BlackElo "1702"]
[PlyCount "115"]
[EventDate "2024.09.12"]
[WhiteTeam "SK Trzin Buscotrade"]
[BlackTeam "SK Ljubljana"]

1. f4 d5 2. Nf3 Nf6 3. e3 Bf5 4. b3 e6 5. Bb2 Bd6 6. Be2 O-O 7. O-O Nbd7 8. Ne5
Bxe5 9. fxe5 Ne4 10. d3 Nec5 11. Bg4 Bg6 12. Qe1 Na6 13. Qg3 Nb4 14. Rf2 c5 15.
h4 h5 16. Bh3 Nc6 17. Bxe6 fxe6 18. Qxg6 Rxf2 19. Kxf2 Qxh4+ 20. Ke2 Qg4+ 21.
Qxg4 hxg4 22. d4 Rf8 23. Nd2 Kh7 24. c4 Ne7 25. Rc1 dxc4 26. bxc4 cxd4 27. exd4
Nf5 28. Ne4 Nb6 29. Ng5+ Kg6 30. Nxe6 Ng3+ 31. Kd3 Rf2 32. Bc3 Nh5 33. Rc2 Nf4+
34. Nxf4+ Rxf4 35. Be1 Rf1 36. Re2 Nc8 37. Bh4 Rd1+ 38. Ke4 Rc1 39. e6 Nd6+ 40.
Kd5 Ne8 41. Bd8 Rf1 42. Re4 Kf5 43. Re5+ Kg6 44. Rg5+ Kh6 45. Rxg4 Rf5+ 46. Ke4
Rf1 47. c5 Rc1 48. Bg5+ Kh5 49. Bxc1 Nf6+ 50. Kf5 Nxg4 51. Bg5 g6+ 52. Kf4 Nf2
53. e7 Nd3+ 54. Ke3 Nb4 55. e8=Q Nd5+ 56. Kf3 b6 57. Qe5 bxc5 58. g4# 1-0

[Event "OSREDNJA SLOVENSKA LIGA 2024"]
[Site "Gostovanja"]
[Date "2024.10.24"]
[Round "7.2"]
[White "Justin, Matjaz"]
[Black "Novakovic, Gosto"]
[Result "1-0"]
[WhiteElo "2215"]
[BlackElo "1789"]
[PlyCount "57"]
[EventDate "2024.09.12"]
[WhiteTeam "SD Vrhnika"]
[BlackTeam "Zelenci LPP"]

1. e4 e5 2. Nf3 Nc6 3. Bb5 a6 4. Ba4 Bc5 5. O-O d6 6. c3 Bg4 7. d3 h5 8. Be3
Qd7 9. d4 b5 10. dxc5 bxa4 11. cxd6 cxd6 12. h3 Qe7 13. hxg4 hxg4 14. Ng5 f6
15. Qxg4 fxg5 16. Qxg5 Nf6 17. Qg6+ Kd7 18. Na3 Rh4 19. f3 Rah8 20. Rfd1 Kc7
21. Nc4 d5 22. exd5 Nxd5 23. Rxd5 Rh1+ 24. Kf2 Rxa1 25. Bg5 Qf8 26. Rd6 Ne7 27.
Qe6 Nc8 28. Rd7+ Kb8 29. Qc6 1-0

[Event "OSREDNJA SLOVENSKA LIGA 2024"]
[Site "Gostovanja"]
[Date "2024.10.24"]
[Round "7.2"]
[White "Becic, Semso"]
[Black "Siraj, Svit"]
[Result "0-1"]
[WhiteElo "1747"]
[BlackElo "2048"]
[PlyCount "90"]
[EventDate "2024.09.12"]
[WhiteTeam "Zelenci LPP"]
[BlackTeam "SD Vrhnika"]

1. e4 e5 2. Bc4 Nc6 3. c3 Bc5 4. Nf3 Nf6 5. d3 d6 6. h3 h6 7. Nbd2 O-O 8. O-O
a6 9. a4 Ba7 10. Ba2 Ne7 11. Nc4 Ng6 12. Ne3 Nf4 13. Nf5 Kh7 14. Bxf4 exf4 15.
N5d4 Nh5 16. Kh2 g5 17. g4 Nf6 18. Qe2 Rg8 19. e5 dxe5 20. Nxe5 Bxd4 21. cxd4
Qxd4 22. Bxf7 Rg7 23. Nf3 Qd6 24. Bc4 Re7 25. Qc2 Bd7 26. d4+ Kg7 27. Rad1 b5
28. Ba2 Bc6 29. Ne5 Be4 30. Qc3 c5 31. f3 cxd4 32. Rxd4 Qxe5 33. fxe4 Kf8 34.
Bb1 bxa4 35. Kh1 Rb8 36. Rfd1 Rb3 37. Qc8+ Re8 38. Qxa6 Rxh3+ 39. Kg1 Rg3+ 40.
Kf2 Nxg4+ 41. Ke2 Rg2+ 42. Kf3 Rf2+ 43. Kxg4 h5+ 44. Kxh5 g4+ 45. Kxg4 Qg7+ 0-1

[Event "OSREDNJA SLOVENSKA LIGA 2024"]
[Site "Gostovanja"]
[Date "2024.10.24"]
[Round "7.2"]
[White "Vodnik, Val"]
[Black "Levacic, Matic"]
[Result "1-0"]
[WhiteElo "1793"]
[BlackElo "1614"]
[PlyCount "37"]
[EventDate "2024.09.12"]
[WhiteTeam "SD Vrhnika"]
[BlackTeam "Zelenci LPP"]

1. d4 d5 2. c4 dxc4 3. e4 c5 4. d5 Nf6 5. Nc3 b5 6. e5 b4 7. exf6 bxc3 8. bxc3
gxf6 9. Bxc4 e6 10. Be3 Bd6 11. dxe6 fxe6 12. Qh5+ Ke7 13. Bxc5 Qe8 14. Bxd6+
Kxd6 15. Rd1+ Ke7 16. Qc5+ Kf7 17. Be2 Qf8 18. Qxf8+ Rxf8 19. Bf3 1-0

[Event "OSREDNJA SLOVENSKA LIGA 2024"]
[Site "Gostovanja"]
[Date "2024.10.24"]
[Round "7.3"]
[White "Plaskan, Jure"]
[Black "Azinovic, Igor"]
[Result "1-0"]
[WhiteElo "2239"]
[BlackElo "1799"]
[PlyCount "92"]
[EventDate "2024.09.12"]
[WhiteTeam "SD Domzale"]
[BlackTeam "SK Dol pri Ljubljani"]

1. e4 c5 2. Nf3 d6 3. d4 cxd4 4. Nxd4 Nf6 5. Nc3 a6 6. Bc4 e6 7. a4 d5 8. exd5
exd5 9. Bb3 Bc5 10. O-O O-O 11. Bg5 Nc6 12. Nde2 d4 13. Nd5 Bg4 14. Bxf6 gxf6
15. Qd3 Kh8 16. Nef4 Ne5 17. Qg3 Rg8 18. f3 Bxf3 19. Qh3 Be4 20. Rae1 f5 21.
Rxe4 fxe4 22. Qf5 Ng4 23. Nh3 Qd6 24. Rf4 Ne3 25. Qxe4 Nxg2 26. Rxf7 Qg6 27.
Qe5+ Rg7 28. Rxg7 d3+ 29. Kh1 Qxg7 30. Qxg7+ Kxg7 31. Kxg2 d2 32. Nc3 Rd8 33.
Nf4 Re8 34. Ne6+ Kf6 35. Nxc5 Kf5 36. Be6+ Rxe6 37. Nxe6 Kxe6 38. Kf3 b5 39.
axb5 axb5 40. b4 h5 41. h4 Ke5 42. Ke3 Kf5 43. Kxd2 Kg4 44. Ne4 Kxh4 45. Nf6
Kg5 46. Nxh5 Kxh5 1-0

[Event "OSREDNJA SLOVENSKA LIGA 2024"]
[Site "Gostovanja"]
[Date "2024.10.24"]
[Round "7.3"]
[White "Kosem, Rok"]
[Black "Markosek, Bine"]
[Result "0-1"]
[WhiteElo "1767"]
[BlackElo "1989"]
[PlyCount "134"]
[EventDate "2024.09.12"]
[WhiteTeam "SK Dol pri Ljubljani"]
[BlackTeam "SD Domzale"]

1. c4 Nf6 2. Nc3 e6 3. e4 d5 4. e5 d4 5. exf6 dxc3 6. bxc3 Qxf6 7. d4 c5 8. Nf3
h6 9. Ba3 Be7 10. Be2 cxd4 11. Bxe7 Qxe7 12. cxd4 O-O 13. Qb3 b6 14. O-O Bb7
15. Rfe1 Qf6 16. Ne5 Rd8 17. Bf3 Bxf3 18. Qxf3 Qxf3 19. Nxf3 Nc6 20. Red1 Na5
21. c5 Rd5 22. cxb6 axb6 23. Rac1 b5 24. Ne5 Rad8 25. Kf1 g6 26. Nf3 Nc4 27.
Ke2 g5 28. g4 Kg7 29. h3 f5 30. Rb1 Ra8 31. Ra1 Ra3 32. Rd3 Ra4 33. Rc3 Kf6 34.
Rb3 Nd6 35. Ke3 h5 36. gxh5 g4 37. hxg4 fxg4 38. Ne5 Nf5+ 39. Kd2 Nxd4 40.
Nxg4+ Kg5 41. Rg3 Nf5+ 42. Rd3 Rxd3+ 43. Kxd3 Rxg4 44. Rb1 Rd4+ 45. Kc3 Ra4 46.
Rxb5 Rxa2 47. Re5 Kf6 48. f4 Rh2 49. Kd3 Rh3+ 50. Ke2 Rxh5 51. Kf2 Rh2+ 52. Kf3
Ra2 53. Re4 Ra3+ 54. Kf2 Rd3 55. Re5 Rd5 56. Re1 Nd6 57. Rh1 Kf5 58. Rh6 Rd4
59. Ke3 Re4+ 60. Kd3 Rxf4 61. Rh8 Ke5 62. Rd8 Rd4+ 63. Ke2 Ke4 64. Rd7 e5 65.
Re7 Kd5 66. Kf3 Rf4+ 67. Ke2 Rf7 0-1

[Event "OSREDNJA SLOVENSKA LIGA 2024"]
[Site "Gostovanja"]
[Date "2024.10.24"]
[Round "7.3"]
[White "Skok, Joze"]
[Black "Magerl, Zan"]
[Result "1-0"]
[WhiteElo "1958"]
[BlackElo "1682"]
[PlyCount "85"]
[EventDate "2024.09.12"]
[WhiteTeam "SD Domzale"]
[BlackTeam "SK Dol pri Ljubljani"]

1. e4 e5 2. Nf3 Nf6 3. d4 Nxe4 4. Nxe5 d5 5. Bd3 Nd7 6. Qe2 Nxe5 7. Bxe4 dxe4
8. Qxe4 Be6 9. Qxe5 Qd7 10. O-O O-O-O 11. Be3 Bd6 12. Qa5 a6 13. Nd2 Bh3 14. f3
Qe6 15. Rfe1 Qg6 16. Qg5 Bf5 17. c4 Bb4 18. d5 Qxg5 19. Bxg5 f6 20. a3 Bxa3 21.
Rxa3 fxg5 22. Re5 Rhf8 23. g4 Bg6 24. Rxg5 Rde8 25. Kf2 Re7 26. Re3 Rfe8 27.
Rxe7 Rxe7 28. f4 Bd3 29. Re5 Rf7 30. Ke3 Bc2 31. Ne4 Bxe4 32. Kxe4 Kd7 33. c5
a5 34. b3 b5 35. f5 Rf8 36. c6+ Kd8 37. Kd4 Re8 38. Rxe8+ Kxe8 39. Kc5 a4 40.
bxa4 bxa4 41. Kb4 Ke7 42. g5 Kd6 43. f6 1-0

[Event "OSREDNJA SLOVENSKA LIGA 2024"]
[Site "Gostovanja"]
[Date "2024.10.24"]
[Round "7.4"]
[White "Zidar, Jernej"]
[Black "Susnik, Matej"]
[Result "1-0"]
[WhiteElo "2055"]
[BlackElo "2034"]
[PlyCount "81"]
[EventDate "2024.09.12"]
[WhiteTeam "SK Komenda Popotnik"]
[BlackTeam "Drustvo Tomo Zupan"]

1. d4 Nf6 2. c4 e6 3. Nf3 c5 4. d5 exd5 5. cxd5 d6 6. Nc3 g6 7. Nd2 a6 8. a4
Bg7 9. e4 O-O 10. Be2 Re8 11. O-O Nbd7 12. Qc2 Rb8 13. a5 Qc7 14. Kh1 h6 15. f4
b5 16. axb6 Rxb6 17. Ra4 Nb8 18. Nc4 Rb4 19. Bd3 Rxa4 20. Qxa4 Bd7 21. Qc2 Bb5
22. Bd2 Qe7 23. Qb3 Bxc4 24. Qxc4 Ng4 25. g3 Bd4 26. Nd1 Nd7 27. Re1 h5 28. Kg2
h4 29. Bc3 Bxc3 30. Nxc3 f5 31. Re2 hxg3 32. h3 Qh7 33. Qxa6 Re7 34. Qxd6 Ndf6
35. Qxe7 Qxe7 36. hxg4 Qh7 37. gxf5 gxf5 38. exf5 Nd7 39. Nd1 Qh2+ 40. Kf3 Qh5+
41. Kxg3 {nejasno (49)} 1-0

[Event "OSREDNJA SLOVENSKA LIGA 2024"]
[Site "Gostovanja"]
[Date "2024.10.24"]
[Round "7.4"]
[White "Smirnov, Maksim"]
[Black "Cimperman, Teo"]
[Result "1-0"]
[WhiteElo "1839"]
[BlackElo "1702"]
[PlyCount "71"]
[EventDate "2024.09.12"]
[WhiteTeam "Drustvo Tomo Zupan"]
[BlackTeam "SK Komenda Popotnik"]

1. d4 Nf6 2. Bf4 g6 3. Nc3 Bg7 4. e4 d6 5. Qd2 O-O 6. O-O-O Nc6 7. Nf3 Bg4 8.
Be2 Bxf3 9. gxf3 e5 10. dxe5 dxe5 11. Be3 Qe7 12. Nd5 Nxd5 13. Qxd5 Rfd8 14.
Qc4 Na5 15. Qc3 b6 16. h4 Qe6 17. Kb1 h5 18. Qxc7 Rdc8 19. Qd7 Qxd7 20. Rxd7
Rd8 21. Rhd1 Rxd7 22. Rxd7 Bf6 23. b4 Nc6 24. Rd6 Bxh4 25. Rxc6 Be7 26. Rc7
Bxb4 27. Bc4 Bd6 28. Rxf7 Kh8 29. Bg5 b5 30. Bf6+ Kg8 31. Rg7+ Kh8 32. Rg8+ Kh7
33. Rxa8 g5 34. Bf7 Bb8 35. Rxb8 h4 36. Rh8# 1-0

[Event "OSREDNJA SLOVENSKA LIGA 2024"]
[Site "Gostovanja"]
[Date "2024.10.24"]
[Round "7.5"]
[White "Bohorc, Edo"]
[Black "Sajovic, Marko"]
[Result "1/2-1/2"]
[WhiteElo "2007"]
[BlackElo "2190"]
[PlyCount "65"]
[EventDate "2024.09.12"]
[WhiteTeam "SD Crni graben"]
[BlackTeam "SK Medvode"]

1. e4 d5 2. exd5 Qxd5 3. Nc3 Qd6 4. d4 c6 5. h3 Bf5 6. Nf3 Nf6 7. Bd3 Bg6 8.
O-O e6 9. Ne2 Qc7 10. Nf4 Bxd3 11. Nxd3 Nbd7 12. c3 Rd8 13. Bf4 Bd6 14. Bxd6
Qxd6 15. Qb3 b6 16. Nde5 O-O 17. Rad1 c5 18. Rfe1 h6 19. Qa4 Qc7 20. Nxd7 Nxd7
21. dxc5 Nxc5 22. Qc2 f5 23. Qe2 Ne4 24. Nd4 Rf6 25. f3 Ng3 26. Qe5 Qxe5 27.
Rxe5 Kf7 28. Rde1 Rd6 29. a4 g5 30. a5 h5 31. a6 Rg6 32. Nb5 Rd7 33. Nd4
1/2-1/2

[Event "OSREDNJA SLOVENSKA LIGA 2024"]
[Site "Gostovanja"]
[Date "2024.10.24"]
[Round "7.5"]
[White "Jese, Janez"]
[Black "Skok, Boris"]
[Result "1-0"]
[WhiteElo "1801"]
[BlackElo "1956"]
[PlyCount "69"]
[EventDate "2024.09.12"]
[WhiteTeam "SK Medvode"]
[BlackTeam "SD Crni graben"]

1. e4 c5 2. Nf3 e6 3. Nc3 Nc6 4. d4 cxd4 5. Nxd4 Qc7 6. a3 a6 7. Be3 Nf6 8. Bd3
Be7 9. O-O d6 10. h3 e5 11. Nde2 Be6 12. f4 Na5 13. f5 Bd7 14. b3 h6 15. Qe1 b5
16. Qf2 Nb7 17. Qg3 Bf8 18. b4 Bc6 19. Rfc1 Nd8 20. a4 bxa4 21. Nxa4 Nxe4 22.
Qe1 Qb7 23. c4 Nf6 24. Qf1 Nd7 25. b5 axb5 26. cxb5 Be4 27. Nec3 Bxd3 28. Qxd3
Nf6 29. Nb6 Rxa1 30. Rxa1 Nd7 31. Nbd5 Nc5 32. Bxc5 dxc5 33. b6 Bd6 34. Nb5 Bb8
35. Ndc7+ 1-0

[Event "OSREDNJA SLOVENSKA LIGA 2024"]
[Site "Gostovanja"]
[Date "2024.10.24"]
[Round "7.5"]
[White "Osolin, Bogdan"]
[Black "Arcon, Roman"]
[Result "1-0"]
[WhiteElo "1941"]
[BlackElo "1713"]
[PlyCount "77"]
[EventDate "2024.09.12"]
[WhiteTeam "SD Crni graben"]
[BlackTeam "SK Medvode"]

1. e4 d5 2. exd5 Qxd5 3. Nc3 Qa5 4. Bc4 Nf6 5. d3 c6 6. a3 Qc7 7. Nf3 Bg4 8. h3
Bxf3 9. Qxf3 Nbd7 10. Bf4 e5 11. Bd2 Bd6 12. g4 h6 13. h4 Nb6 14. Ba2 O-O-O 15.
O-O-O Kb8 16. Kb1 Rhf8 17. g5 hxg5 18. hxg5 Nfd5 19. Ne4 f5 20. Nxd6 Qxd6 21.
Rde1 c5 22. Re2 Rde8 23. Rhe1 g6 24. a4 Nb4 25. Bb3 a5 26. Qg3 Nc6 27. c3 Rd8
28. Bc2 f4 29. Qf3 c4 30. dxc4 Nxc4 31. Bc1 Qe6 32. Be4 Ka7 33. Bc2 Nb6 34. Qe4
Rd6 35. Bxf4 Nc4 36. Bc1 Rfd8 37. b3 Nd2+ 38. Bxd2 Rxd2 39. Rxd2 1-0

[Event "OSREDNJA SLOVENSKA LIGA 2024"]
[Site "Gostovanja"]
[Date "2024.10.24"]
[Round "7.6"]
[White "Macek, Inti"]
[Black "Baric, Dusan"]
[Result "1/2-1/2"]
[WhiteElo "1750"]
[BlackElo "1957"]
[PlyCount "42"]
[EventDate "2024.09.12"]
[WhiteTeam "SK Komenda Pogi"]
[BlackTeam "SK Visnja gora - Sticna"]

1. d4 Nf6 2. Nf3 g6 3. g3 Bg7 4. Bg2 c5 5. d5 d6 6. O-O b5 7. c3 O-O 8. Re1 Bb7
9. e4 Nbd7 10. Na3 a6 11. c4 Qb6 12. Rb1 b4 13. Nc2 Rfe8 14. Qd3 a5 15. Bd2 Qc7
16. a3 Ng4 17. h3 Nge5 18. Nxe5 Nxe5 19. Qe2 Ba6 20. Ne3 Rab8 21. a4 h5 1/2-1/2

[Event "OSREDNJA SLOVENSKA LIGA 2024"]
[Site "Gostovanja"]
[Date "2024.10.24"]
[Round "7.6"]
[White "Pisek, Igor"]
[Black "Perme, Stanko"]
[Result "1-0"]
[WhiteElo "1806"]
[BlackElo "1492"]
[PlyCount "47"]
[EventDate "2024.09.12"]
[WhiteTeam "SK Visnja gora - Sticna"]
[BlackTeam "SK Komenda Pogi"]

1. e4 e5 2. Nf3 Nc6 3. Bb5 Bc5 4. c3 Qf6 5. O-O Nge7 6. d3 h6 7. Be3 Bb6 8.
Bxb6 axb6 9. d4 Ra5 10. Qd3 O-O 11. b4 Rxb5 12. Qxb5 exd4 13. e5 Qf4 14. Qc4
Nxe5 15. Nxe5 Qxe5 16. cxd4 Qf4 17. Nc3 Nf5 18. Nd5 Qg4 19. Qxc7 Nxd4 20. Ne7+
Kh8 21. Nxc8 d6 22. Nxd6 Nf3+ 23. Kh1 Qf4 24. Nxf7+ 1-0

[Event "OSREDNJA SLOVENSKA LIGA 2024"]
[Site "Gostovanja"]
[Date "2024.10.24"]
[Round "7.7"]
[White "Veskovic, Dzemal"]
[Black "Lanjscek, Miha"]
[Result "1/2-1/2"]
[WhiteElo "1895"]
[BlackElo "1857"]
[PlyCount "41"]
[EventDate "2024.09.12"]
[WhiteTeam "SD Menges - Trzin"]
[BlackTeam "SK Trzin"]

1. e4 c5 2. Nc3 a6 3. Nf3 b5 4. a3 Bb7 5. d3 e6 6. Be2 Nf6 7. Bg5 Be7 8. O-O
O-O 9. h3 d5 10. exd5 Nxd5 11. Bxe7 Qxe7 12. Nxd5 Bxd5 13. Nh2 Nd7 14. Bf3 Nf6
15. Re1 Qd6 16. Qe2 Rfe8 17. Qe5 Qd7 18. c4 Bxf3 19. Nxf3 Qxd3 20. Qxc5 Qxc4
21. Qxc4 1/2-1/2

[Event "OSREDNJA SLOVENSKA LIGA 2024"]
[Site "Gostovanja"]
[Date "2024.10.24"]
[Round "7.7"]
[White "Konvalinka, Kostja"]
[Black "Sedlar, Tomo"]
[Result "0-1"]
[WhiteElo "1766"]
[BlackElo "1871"]
[PlyCount "120"]
[EventDate "2024.09.12"]
[WhiteTeam "SK Trzin"]
[BlackTeam "SD Menges - Trzin"]

1. e4 e5 2. Nf3 Nc6 3. Bc4 Bc5 4. c3 d6 5. d4 exd4 6. cxd4 Bb4+ 7. Nc3 Nf6 8.
O-O O-O 9. Re1 Bg4 10. d5 Ne5 11. Be2 Qd7 12. Nxe5 dxe5 13. Bxg4 Qxg4 14. Qxg4
Nxg4 15. h3 Nf6 16. Bd2 Rac8 17. a3 Ba5 18. b4 Bb6 19. Be3 Nd7 20. Na4 Bxe3 21.
Rxe3 c6 22. Rd1 c5 23. bxc5 Nxc5 24. Nxc5 Rxc5 25. Rb1 b6 26. Reb3 Rfc8 27. Rb4
Kf8 28. Rb5 Ke7 29. f3 Kd6 30. R5b2 Ra5 31. Ra2 Rc3 32. Rba1 a6 33. Kf2 Ra4 34.
Ke2 Rd4 35. Rd2 Ra4 36. Rda2 b5 37. Kd2 Rc5 38. Kd3 Rd4+ 39. Ke3 Rc3+ 40. Ke2
Rdd3 41. Kf2 Kc5 42. Ke2 a5 43. Kf2 Kc4 44. Ke2 Re3+ 45. Kd2 Rcd3+ 46. Kc2 Re2+
47. Kc1 Re1+ 48. Kc2 Re2+ 49. Kc1 Ree3 50. Kc2 Rc3+ 51. Kd2 Kb3 52. a4 b4 53.
Kd1 Red3+ 54. Ke2 Kc4 55. Ke1 b3 56. Rb2 Rc2 57. Rab1 Rxb2 58. Rxb2 Kc3 59. Rb1
b2 60. Ke2 Rd4 0-1

[Event "OSREDNJA SLOVENSKA LIGA 2024"]
[Site "Gostovanja"]
[Date "2024.10.24"]
[Round "7.7"]
[White "Simicak, Metod"]
[Black "Markic, Vladimir"]
[Result "1/2-1/2"]
[WhiteElo "1858"]
[BlackElo "1761"]
[PlyCount "95"]
[EventDate "2024.09.12"]
[WhiteTeam "SD Menges - Trzin"]
[BlackTeam "SK Trzin"]

1. e4 e5 2. Nf3 Nc6 3. Bb5 d6 4. Bxc6+ bxc6 5. d4 exd4 6. Qxd4 Bg4 7. Nbd2 c5
8. Qd3 Ne7 9. h3 Bxf3 10. Nxf3 Ng6 11. Qb5+ Qd7 12. a4 c6 13. Qe2 Be7 14. O-O
O-O 15. Rd1 Qc7 16. b3 Bf6 17. Rb1 Rfe8 18. Qd3 Rad8 19. c4 Ne5 20. Nxe5 Bxe5
21. f4 Bd4+ 22. Be3 Bxe3+ 23. Qxe3 Qe7 24. Re1 d5 25. Rbd1 d4 26. Qf3 Qc7 27.
Rd3 f6 28. g3 a5 29. Qh5 Qd6 30. Kf2 g6 31. Qf3 Qe6 32. g4 Kg7 33. h4 h6 34. f5
Qe5 35. Qg3 g5 36. hxg5 Qxg3+ 37. Kxg3 hxg5 38. Rd2 Re5 39. Rh2 Rh8 40. Rxh8
Kxh8 41. Kf3 Kg7 42. Re2 Kg8 43. Kf2 Kg7 44. Ke1 Kg8 45. Kd2 Kg7 46. Kd3 Kg8
47. Rh2 Kg7 48. Rh1 1/2-1/2